02053cam a2200385 a 45000010009000000050017000090080041000260100017000670200026000840200022001100200025001320200022001570350021001790420008002000500024002081000020002322450187002522460089004392600121005283000041006494900051006905000222007415040051009635050237010146000057012516500035013086500039013436500062013827000055014447000021014997000022015207100041015427100049015837100035016321690880920170207143643.0110808s2010 enka bc 000 0 eng  a 2011377050 a9780900785771 (cased) a0900785772 (hbk.) a9780900785887 (pbk,) a0900785888 (pbk.) a(OCoLC)499078486 apcc00aNK7903 .M37W37 20101 aWarren, Jeremy.10aBeauty & power :bRenaissance and Baroque bronzes from the Peter Marino Collection /cJeremy Warren ; with contributions from Francesca G. Bewer, Leda Cosentino, and Richard Dorment.3 aBeauty and power :bRenaissance and Baroque bronzes from the Peter Marino Collection aLondon :bWallace Collection :bProduced and distributed for the Wallace Collection by Paul Holberton Pub.,c[2010?] a287 p. :bill. (some ill.) ;c29 cm.0 aCatalog of the Peter Marino Collection ;vv. 1 aCatalog of an exhibition held at the Wallace Collection, London, Apr. 29-July 25, 2010, the Huntington Art Collections, San Marino, Oct. 7, 2010-Jan. 9, 2011 and the Minneapolis Institute of Arts, Feb. 6-May 15, 2011. aIncludes bibliographical references (274-282).0 aPeter Marino -- Meeting Mr. Marino / Richard Dorment -- Florence, Paris, Rome : cultural crossing points / Jeremy Warren -- Catalogue / Jeremy Warren -- Technical notes / Francesca G. Bewer -- Artists' biographies / Leda Cosentino.10aMarino, Peter,d1949-xArt collectionsvExhibitions. 0aBronzes, BaroquevExhibitions. 0aBronzes, RenaissancevExhibitions. 0aBronzesxPrivate collectionszUnited StatesvExhibitions.1 aBewer, Francesca G.q(Francesca Gabrielle),d1960-1 aCosentino, Leda.1 aDorment, Richard.2 aWallace Collection (London, England)2 aHenry E. Huntington Library and Art Gallery.2 aMinneapolis Institute of Arts.